000
00220nam a2200097Ia 4500
005
20251222114401.0
008
251222s1900||||xx |||||||||||||| ||spa||
082
_a
DVD0070/C28/2001
245
0
_a
Lavour Arcaica:
942
_c
DVD
999
_c
1653
_d
1653